Click The US States By Order Of Size - Easy - Statistics

General Stats
  • This quiz has been taken 42 times
  • The average score is 36 of 50
Answers on the Map
Answers color-coded by a green-red scale on the quiz's map according to % correct below.
 
Answer Stats
Answer % Correct
A
100%
M
100%
T
100%
C
96%
A
83%
C
83%
F
79%
G
79%
I
79%
I
79%
K
79%
N
79%
O
79%
P
79%
S
79%
T
79%
W
79%
A
75%
C
75%
I
75%
K
75%
L
75%
M
75%
N
75%
N
75%
N
75%
O
75%
R
75%
S
75%
V
75%
D
71%
H
71%
M
71%
M
71%
U
71%
W
71%
W
71%
M
67%
O
67%
N
63%
V
63%
W
58%
I
54%
N
50%
N
50%
A
46%
M
46%
M
46%
N
42%
M
25%
No matching quizzes found
Score Distribution
Percent of People with Each Score
Percentile by Number Answered
Your Score History
You have not taken this quiz